Spoken English : Hands on guide to English conversation practice (Record no. 1142)

MARC details
000 -LEADER
Fixed length control field 00498nam a2200169 4500
003 - CONTROL NUMBER IDENTIFIER
Control field SEACOMEC
005 - DATE AND TIME OF LATEST TRANSACTION
Control field 20240517132714.0
008 - FIXED-LENGTH DATA ELEMENTS--GENERAL INFORMATION
Fixed length control field 240517b |||||||| |||| 00| 0 eng d
020 ## - INTERNATIONAL STANDARD BOOK NUMBER / ISBN
International Standard Book Number 9788125931218
Price Rs.110.00
040 ## - CATALOGING SOURCE
Original cataloging agency SEACOMEC
082 ## - DEWEY DECIMAL CLASSIFICATION NUMBER
Classification number 428.1
Book Number S774
100 ## - MAIN ENTRY--PERSONAL NAME
Personal name Sreevalsan, M C
245 1# - TITLE STATEMENT
Title Spoken English : Hands on guide to English conversation practice
Statement of responsibility M C Sreevalsan
260 ## - IMPRINT
Place of publication New Delhi
Name of publisher Vikas Publishing
Date of publication 2006
650 ## - SUBJECT ADDED ENTRY--TOPICAL TERM
Topical term English language variations
942 ## - ADDED ENTRY ELEMENTS (KOHA)
Koha item type Books
Holdings
Withdrawn status Lost status Source of classification Damaged status Not for loan Home library Current library Date acquired Total Checkouts Call number Accession number Date last seen Price effective from Koha item type Copy number
    Dewey Decimal Classification     SEACOM ENGINEERING COLLEGE SEACOM ENGINEERING COLLEGE 12/12/2007   428.1 S774 8904 17/05/2024 17/05/2024 Books  
    Dewey Decimal Classification     SEACOM ENGINEERING COLLEGE SEACOM ENGINEERING COLLEGE 12/12/2007   428.1 S774 8905 17/05/2024 17/05/2024 Books 1
    Dewey Decimal Classification     SEACOM ENGINEERING COLLEGE SEACOM ENGINEERING COLLEGE 12/12/2007   428.1 S774 8906 17/05/2024 17/05/2024 Books 2
    Dewey Decimal Classification     SEACOM ENGINEERING COLLEGE SEACOM ENGINEERING COLLEGE 12/12/2007   428.1 S774 8907 17/05/2024 17/05/2024 Books 3
    Dewey Decimal Classification     SEACOM ENGINEERING COLLEGE SEACOM ENGINEERING COLLEGE 12/12/2007   428.1 S774 8908 17/05/2024 17/05/2024 Books 4
© Seacom Engineering College, All rights reserved.      Powered by Koha